| 000 | 00655nam a2200241Ia 4500 | ||
|---|---|---|---|
| 008 | 180523s9999 xx 000 0 und d | ||
| 020 | _a981-232-301-5 | ||
| 050 | _aMAIN F 2508 | ||
| 050 | _b.R53 2002 | ||
| 100 | _aRichard, Christopher. | ||
| 245 | 0 | _aBrazil / | |
| 245 | 0 | _cChristopher Richard, Leslie Jermyn. | |
| 260 | _aSingapore : | ||
| 260 | _bTimes Books, | ||
| 260 | _c2002 | ||
| 300 | _a144 pages : | ||
| 300 | _bcolored illustrations ; | ||
| 300 | _c23 cm. | ||
| 440 | _aCultures of the world. | ||
| 500 | _aIncludes bibliographical references and index. | ||
| 650 | _aBrazil. | ||
| 650 | _xBrazil -- Social life and customs. | ||
| 999 |
_c356621 _d356621 |
||